| 000 | 00975nam a2200241Ia 4500 | ||
|---|---|---|---|
| 003 | IN-BaIIA | ||
| 008 | 211028s9999 xx 000 0 eng d | ||
| 020 | _a12-368845-0 | ||
| 040 | _cIIA Library | ||
| 080 |
_a063:53 _bENF-45 |
||
| 111 |
_aConference of International School of Physics "Enrico Fermi" _cItaly _d1968 Aug. 2-24 _96196 |
||
| 245 | 0 |
_aLocal quantum theory _bproceedings of the International School of Physics "Enrico Fermi" course held in Varenna Sul Lago di Como, Villa Monastero 12th-24th August1968 _cedited by R. Jost |
|
| 260 |
_aNew York _bAcademic Press _c1969 |
||
| 300 | _axvi, 263p. | ||
| 490 | _aInternational School of Physics "Enrico Fermi" Course v. 45 | ||
| 650 | _aAstronomy and Astrophysics Thesaurus | ||
| 650 |
_aQuantum Field Theory _96197 |
||
| 650 | _aQuantum Mechanics | ||
| 650 | _aQuantum Theory | ||
| 700 |
_aJost, R., ed. _96198 |
||
| 710 | _aItalian Physical Society | ||
| 942 | _cBK | ||
| 999 |
_c3500 _d3500 |
||